|
|
|
|
| LEADER |
00000cab a2200000 a 4500 |
| 001 |
034553 |
| 003 |
UAHC_CL |
| 005 |
20170803123748.0 |
| 008 |
040622b xx j 000 1 spa |
| 040 |
|
|
|a UAHC_CL
|c UAHC_CL
|d UAHC_CL
|
| 245 |
1 |
3 |
|a La intervención para la mejora de la convivencia en los centros educativos :
|b modelos y ámbitos /
|c Elena Martín...[et.al.].
|
| 300 |
|
|
|a pp. 165-187
|
| 500 |
|
|
|a Infancia y aprendizaje. (España) 2003, vol. 26 (1) pp. 79-96
|
| 500 |
|
|
|a Infancia y aprendizaje. (España) 2003, vol. 26 (1) pp. 79-96
|
| 520 |
|
|
|a En este artículo se presenta una revisión de los modelos desde los cuales se afronta en este momento la intervención para la mejora de la convivencia en los centros educativos y la prevención y resolución de conflictos, y se propone una clasificación de las dimensiones de análisis de la intervención. En la segunda parte se analizan los principales ámbitos de intervención y las medidas que podrían tomarse en cada uno de ellos. Finalmente, se revisan los resultados obtenidos en las avaluaciones realizadas de los principales programas globales de intervención y de los sistemas de ayuda entre iguales y se hacen algunas consideraciones acerca de las características que deberían reunir las evaluaciones en este campo.
|
| 520 |
|
|
|a En este artículo se presenta una revisión de los modelos desde los cuales se afronta en este momento la intervención para la mejora de la convivencia en los centros educativos y la prevención y resolución de conflictos, y se propone una clasificación de las dimensiones de análisis de la intervención. En la segunda parte se analizan los principales ámbitos de intervención y las medidas que podrían tomarse en cada uno de ellos. Finalmente, se revisan los resultados obtenidos en las avaluaciones realizadas de los principales programas globales de intervención y de los sistemas de ayuda entre iguales y se hacen algunas consideraciones acerca de las características que deberían reunir las evaluaciones en este campo.
|
| 700 |
1 |
|
|a Martín, Elena
|
| 700 |
1 |
|
|a Martín, Elena
|
| 759 |
|
|
|a PP080
|
| 773 |
0 |
|
|t Infancia y aprendizaje : journal of study of education and development.
|w 034546
|
| 900 |
|
|
|a INFANC. APRENDIZAJE-01/03
|
| 942 |
|
|
|c REVA
|
| 952 |
|
|
|0 0
|1 0
|2 ddc
|4 0
|6 INFANC___APRENDIZAJE01_03_000000000000000
|7 0
|8 COMP
|9 65899
|a BC
|b BC
|c General
|d 2017-08-03
|l 0
|o INFANC. APRENDIZAJE-01/03
|r 2018-01-23 00:00:00
|t 1
|w 2017-08-03
|y REVA
|
| 999 |
|
|
|c 34553
|d 34553
|